000 00763nam a2200241 i 4500
001 95058
003 ES-MaACL
005 20250801150509.0
007 t|
008 050520s1977 sp ||||1| spa d
100 1 _aLukács, György,
_d1885-1971
_974718
245 1 0 _aMateriales sobre el realismo /
_cGeorg Lukács; traducción de ...Manuel Scristán.
250 _a1ª ed.
260 _aBarcelona :
_bGrijalbo,
_c1977.
300 _a260 p. ;
_c22 cm.
490 1 _aObras completas ;
_v8
650 0 4 _aRealismo (Arte)
_916688
650 0 7 _aRealismo (Literatura)
_2embne
_916689
700 1 _aSacristán, Manuel,
_d1925-1985
_9101268
830 0 _aObras completas ;
_v8
_9176447
852 _aES-MaACL
_jA-6718
_bR.95754
999 _c95058
_d95058